000 00683nam a2200253Ia 4500
005 20250425161827.0
008 250425s9999 xx 000 0 und d
041 _aspa
043 _aec
082 _a342.02
100 _aMOREANO, ALEJANDRO
245 0 _aLA NUEVA CONSTITUCION
250 _a2A ED.
260 _aEcuador
_bMOREANO, ALEJANDRO; TRUJILO, JULIO CESAR; PALAN; SONIA
_c1998
260 _aQUITO
_bCENTRO DE INVESTIGACIONES CIUDAD
300 _a144
650 _aASAMBLEA NACIONAL
650 _aCONSTITUCION POLITICA
650 _aDERECHO CONSTITUCIONAL
650 _aGOBIERNO
710 _aCENTRO DE ENVESTIGACION CIUDAD
942 _c01
010 _a31324
999 _c216910
_d216910